Rock and Roll by Letter C - Statistics

General Stats
  • This quiz has been taken 123 times
  • The average score is 9 of 15
Answer Stats
Hint Answer % Correct
Married to Courtney Love...took his own life Kurt Cobain
90%
He was a drummer and vocalist for Genesis Phil Collins
89%
Jack Bruce, Ginger Baker, Eric Clapton Cream
88%
Band named after a city in Illinois Chicago
87%
You can drive this band! The Cars
87%
Joe Strummers punk band The Clash
78%
Slow Hand Eric Clapton
76%
City where the Rock and Roll Hall of Fame is located Cleveland
75%
Blind since the age of seven Ray Charles
72%
Buddy Holly's back up band The Crickets
60%
"Your Breaking My Heart, Your Shaking My Confidence Daily" Cecilia
38%
Music and Arts Festival held in Indio, California Coachella
38%
Frontman for the band Weezer Rivers Cuomo
22%
Started out as the name of the band, but became his own Alice Cooper
18%
Movie Biography about Joy Division Frontman Ian Curtis Control
6%
No matching quizzes found
Score Distribution
Percent of People with Each Score
Percentile by Number Answered
Your Score History
You have not taken this quiz